| 000 | 00703nam a2200217 a 4500 | ||
|---|---|---|---|
| 001 | 000009715 | ||
| 005 | 20260212142300.0 | ||
| 008 | 091001s1990 dr r 000 p spa d | ||
| 040 |
_aDO-SdBNP _bspa _cBNPHU |
||
| 082 |
_aRD861.44 _bC117pL |
||
| 100 |
_aCabrera, Fernando, _d1964- _924611 |
||
| 245 | 1 | 0 |
_aPlanos del ocio / _cFernando Cabrera ; edición José Marmol. |
| 260 |
_aSanto Domingo : _bLitost, _c1990. _fCorripio |
||
| 300 |
_a199 p. ; _c22 cm. |
||
| 490 | 1 | _aE. León Jimenes | |
| 650 | 0 |
_aPoesía dominicana _966 |
|
| 650 | 0 |
_aLiteratura dominicana. _967 |
|
| 700 | 1 |
_aMármol, José, _d1960- _eed. _96454 |
|
| 830 | 0 |
_aE. León Jimenes _924616 |
|
| 910 | _aValidado. Control de calidad. MMOLINA | ||
| 999 |
_c9475 _d9475 |
||